000
00332nam a2200145Ia 4500
008
191201s2005 xx 000 0 und d
082
_a
621.38173
_b
PUB
100
_a
PUCKNELL, Douglas A
245
0
_a
Basic VLSI Design
250
_a
3rd
260
_a
N.Delhi
_b
PHI
_c
2005
300
_a
459
650
_a
B.Tech(ECE)
942
_2
ddc
_c
BK
999
_c
964
_d
964